OECD development co-operation peer reviews: Poland 2017
Enregistré dans:
| Format: | Livre |
|---|---|
| Langue: | anglais |
| Publié: |
Paris
OECD
2017
|
| Collection: | OECD development co-operation peer reviews
|
| Sujets: | |
| Tags: |
Pas de tags, Soyez le premier à ajouter un tag!
|
MARC
| LEADER | 00000nam a2200000 4500 | ||
|---|---|---|---|
| 001 | 0233413 | ||
| 005 | 20240314123239.6 | ||
| 020 | |a 978-92-64-26883-8 | ||
| 041 | 0 | |a eng | |
| 044 | |a FR | ||
| 245 | 1 | 0 | |a OECD development co-operation peer reviews: Poland 2017 |
| 264 | 1 | |a Paris |b OECD |c 2017 | |
| 300 | |a 104 s. | ||
| 490 | 1 | |a OECD development co-operation peer reviews | |
| 830 | 0 | |a OECD development co-operation peer reviews | |
| 610 | 2 | 0 | |a spolupráca medzinárodná |
| 610 | 2 | 0 | |a rozvoj hospodársky |
| 610 | 2 | 0 | |a globalizácia |
| 610 | 2 | 0 | |a pomoc humanitárna |
| 610 | 2 | 0 | |a financovanie |
| 610 | 2 | 0 | |a Poľsko |